| 000 | 00821cab a2200241 4500 | ||
|---|---|---|---|
| 001 | WB3309-38 | ||
| 008 | 090401t1997 xxu||||| |||| 00| 0 eng d | ||
| 035 | _a(Sirsi) u59907 | ||
| 041 | _aeng | ||
| 245 | _aPossession | ||
| 260 | _c1997 | ||
| 350 | _a0 | ||
| 490 |
_aEstates Gazette Case Summaries _v1997 EGCS 15 (22/2/97) |
||
| 520 | _a"Sabella Ltd v Montgomery and others" ChD 7 February 1997. S25 notice held to be invalid granting an injunction preventing the landlord from obtaining possession of the premises pending a determination of the tenancy. | ||
| 650 | _aBUSINESS TENANCIES | ||
| 650 | _aMANAGEMENT AGREEMENTS | ||
| 650 | _aPOSSESSION | ||
| 650 | _aSECTION 25 NOTICES | ||
| 650 | _aVALIDITY | ||
| 690 | _aLANDLORD AND TENANT-CASE LAW-BUSINESS TENANCIES | ||
| 942 | _n0 | ||
| 948 | _c04/03/1997 | ||
| 999 |
_c36855 _d36855 |
||